000 01310cam a22002535a 4500
001 L159380
008 170106s2016 xxk f 000 0 eng d
020 _a9781859466100
035 _a(Sirsi) u159380
041 0 _aeng
050 0 4 _a682.8
100 1 _aTaylor, Ian
110 2 _aHigher Education Design Quality Forum
_96181
245 0 0 _aFuture campus
_bDesign quality in university buildings
260 _aNewcastle-upon-Tyne
_bRIBA Publishing
_c2016
300 _axv, 176p
_bill
_c22cm
520 _aA joint collaboration between RIBA and the Higher Education Design Quality Forum (HEDQF) looking at the design and use of physical space university buildings. Considers strategic masterplanning; space management including adapation of existing buildings to meet changing needs; impact of technology requiring flexbility of buildings; student housing requirements and sustainability. Highlights the importance of the design brief in the planning and construction process. Concludes with a discussion on facilities management issues relating to building performance. Photographs and cases studies.
650 2 4 _aUNIVERSITY BUILDINGS
651 4 _aInternational
690 _aDesign and specification
690 _aProperty management
_96262
690 _aCommercial property
_96227
942 _n0
999 _c115849
_d115849